Environmentálna politika malých a stredných podnikateľských subjektov diplomová práca

Na minha lista:
Detalhes bibliográficos
Autor principal: Dologhová, Veronika
Autor Corporativo: Národohospodárska fakulta EU. Katedra financií
Outros Autores: Červeňová, Magdaléna, 1962-
Formato: Livro
Idioma:eslovaco
Publicado em: Bratislava 2018
Tags: Adicionar Tag
Sem tags, seja o primeiro a adicionar uma tag!

MARC

LEADER 00000nbm a2200000 4500
001 0244325
005 20181114085941.0
041 0 |a slo 
044 |a SK 
245 1 0 |a Environmentálna politika malých a stredných podnikateľských subjektov  |b diplomová práca  |c Veronika Dologhová ; školiteľ: Magdaléna Červeňová 
264 1 |a Bratislava  |c 2018 
300 |a 68 s. 
100 1 |a Dologhová, Veronika 
700 1 |a Červeňová, Magdaléna, 1962- 
710 2 |a Národohospodárska fakulta EU. Katedra financií